00541nam a2200193 a 4500001001300000003000900013005001700022008004100039020000800080082001800088100001500106245007000121260003400191300001000225500003500235505001200270650004000282650002500322nice12345678IN_TiNIC20260116011322.0050524s1889 oxfa grs 000 0 trg  ac000a011.2915bSAC aSachau, Ed aCatalogue of the Persian Turkish, Hindustani & Pushtu Manuscripts aOxfordbClarendon Pressc1889 a1150p aincludes index and biblioraphy2 aIndices aCatalogue-Turkish, Hindustani, Push aBodleian Library-Mss